000 00626cab a2200205 4500
001 WB2633-05
008 090401t1990 xxu||||| |||| 00| 0 eng d
035 _a(Sirsi) u45978
041 _aeng
245 _aLaser cleaning treatment
260 _c1990
350 _a0
490 _aDaily Telegraph
_v23/8/90 p4
520 _aTests are being carried out at Loughborough University on the use of lasers in cleaning historic buildings and ancient monuments .
650 _aRefurbishment
_96264
650 _aBUILT ENVIRONMENT-BUILDING MATERIALS-STONE
690 _aBUILT ENVIRONMENT
942 _n0
948 _c04/03/1997
999 _c29089
_d29089